| 000 | 00377nam a22001217a 4500 | ||
|---|---|---|---|
| 999 |
_c4576 _d4576 |
||
| 008 | 250304b ||||| |||| 00| 0 eng d | ||
| 020 | _a9781499803716 | ||
| 082 | _aFIC KEN | ||
| 100 |
_aKENT,JADEN _eAUTHOR |
||
| 245 |
_aELLA AND OWEN _bTHE EVIL PUMPKIN PIE FIGHT |
||
| 260 |
_a251 PARK AVENUE SOUTH,NEW YORK,NY 10010 _bBONNIER PUBLISHING USA/ LITTLE BEE BOOKS _c2017 |
||
| 942 | _2ddc | ||